000 00280nam a22001217a 4500
040 _cRUA
082 _aRUA AFR 2013 C160 Or.
100 _aAFRICARICE,
245 _aRice Today, The Birds Of IRRI.
260 _aPHNOM PENH
_bRUA
_c2013
300 _a42p.
_bill.
_c29cm.
942 _cREC
999 _c25523
_d25523